000 00676nam a22002177a 4500
003 UA-OsUOA
001 117222
007 ta
008 20160510b un ||||| |||| 00| 0 ukr d
100 _aЙосипенко С.
090 _a101
_bИ99
942 _cSA
040 _aUA-OsUOA
_bukr
_cUA-OsUOA
_dUA-OsUOA
245 _aДо проблеми національної ідентичності в історико-філософському українознавстві
300 _aС.11-16
955 _a0
041 _aukr
080 _a101
773 0 _w117220
_tМандрівець
_dТернопіль
_d2015
_g6
650 7 _a1 Філософські науки
_2UDC
999 _c403142
_d403142